[Event "XIX Festival A"]
[Site "Montecatini Terme ITA"]
[Date "2011.07.31"]
[Round "1"]
[White "Bellini, Fabio"]
[Black "Di Lascio, Savino"]
[WhiteElo "2498"]
[BlackElo "1982"]
[Result "1-0"]
[PlyCount "85"]
[EventDate "2011.07.31"]

1. e4 c6 2. c4 d5 3. cxd5 cxd5 4. exd5 Nf6 5. Nc3 Nxd5 6. Nf3 Nxc3 7. bxc3 Nc6
8. d4 e6 9. Bd3 Qc7 10. O-O Be7 11. Re1 a6 12. Be3 b5 13. a4 b4 14. c4 O-O 15.
d5 Na5 16. Bg5 f6 17. Bh4 e5 18. Qc2 b3 19. Bxh7+ Kh8 20. Qg6 Bb4 21. Red1 Nxc4
22. Bg3 b2 23. Rab1 a5 24. h3 Qf7 25. Qe4 Nd6 26. Qh4 g5 27. Nxg5 Qg7 28. Bf5+
Kg8 29. Be6+ Bxe6 30. Nxe6 Qd7 31. Qg4+ Kh8 32. Nxf8 Qxg4 33. hxg4 Rxf8 34.
Rxb2 Ne4 35. Bh4 Nc3 36. Rc1 Kg7 37. d6 Nxa4 38. Rc7+ Kg6 39. d7 Rd8 40. Rbc2
Nb6 41. Bxf6 Rxd7 42. Bxe5 Rd1+ 43. Kh2 1-0

[Event "XIX Festival A"]
[Site "Montecatini Terme ITA"]
[Date "2011.07.31"]
[Round "1"]
[White "Bentivegna, Francesco"]
[Black "Ragonese, Lucio Rosario"]
[WhiteElo "2330"]
[BlackElo "1969"]
[Result "1-0"]
[PlyCount "135"]
[EventDate "2011.07.31"]

1. e4 c6 2. d4 d5 3. e5 Bf5 4. Nd2 e6 5. Nb3 Nd7 6. Nf3 Ne7 7. Be2 c5 8. Nxc5
Nxc5 9. dxc5 Qa5+ 10. c3 Qxc5 11. Qa4+ Nc6 12. Be3 Qa5 13. Qxa5 Nxa5 14. Bb5+
Kd8 15. Nd4 Bg6 16. f4 a6 17. Be2 Nc4 18. Bxc4 dxc4 19. O-O-O Kc7 20. f5 Bxf5
21. Nxf5 exf5 22. Rhf1 Be7 23. Rxf5 f6 24. exf6 gxf6 25. Bf4+ Kc6 26. Re1 Rae8
27. Re6+ Kd7 28. Re4 b5 29. g4 Rhg8 30. h3 Kc6 31. Re6+ Kb7 32. Rd5 Bd8 33.
Rd7+ Kc8 34. Rxe8 Rxe8 35. Rxh7 Re1+ 36. Kd2 Rb1 37. Kc2 Rf1 38. Be3 f5 39. Rh8
Kd7 40. Rh7+ Kc6 41. Rh6+ Kd5 42. gxf5 Rxf5 43. Rxa6 Rf3 44. Bd2 Rxh3 45. Ra8
Bc7 46. Rc8 Bb6 47. Rb8 Kc6 48. Re8 Rh2 49. Re6+ Kb7 50. b3 cxb3+ 51. axb3 Rg2
52. Kd3 Rg3+ 53. Be3 Bxe3 54. Rxe3 Rg2 55. Kd4 Rg6 56. Kc5 Ka6 57. Rd3 Rg5+ 58.
Kc6 Rg8 59. Kc7 Rg7+ 60. Kc6 Rg8 61. Kc5 Rc8+ 62. Kb4 Rc6 63. Rd5 Rc8 64. Rxb5
Rxc3 65. Ra5+ Kb6 66. Kxc3 Kxa5 67. Kc4 Ka6 68. Kc5 1-0

[Event "XIX Festival A"]
[Site "Montecatini Terme ITA"]
[Date "2011.07.31"]
[Round "1"]
[White "Collutiis, Duilio"]
[Black "Bisi, Samuele"]
[WhiteElo "2468"]
[BlackElo "1977"]
[Result "1/2-1/2"]
[PlyCount "86"]
[EventDate "2011.07.31"]

1. g3 Nf6 2. Bg2 e6 3. b3 c5 4. Nf3 Nc6 5. O-O Be7 6. c4 O-O 7. Bb2 d5 8. e3 b6
9. Nc3 Bb7 10. cxd5 Nxd5 11. Nxd5 Qxd5 12. d4 Qd7 13. dxc5 Qxd1 14. Rfxd1 Bxc5
15. Rd7 Rab8 16. Ne5 Na5 17. Bc3 Bxg2 18. Kxg2 f6 19. b4 fxe5 20. bxa5 Rf7 21.
Rad1 Rbf8 22. Rxf7 Rxf7 23. a6 e4 24. Rd8+ Rf8 25. Rd7 Rf7 26. Rb7 Bd6 27. a3
Rxb7 28. axb7 Kf7 29. f4 exf3+ 30. Kxf3 e5 31. Ke4 Ke6 32. Bb4 Bb8 33. g4 g6
34. g5 Bc7 35. Bf8 Bb8 36. Bg7 Bd6 37. a4 Bb8 38. Bf8 Kf7 39. Bb4 Ke6 40. a5
bxa5 41. Bxa5 Kd6 42. Bc3 Kc6 43. h4 Bc7 1/2-1/2

[Event "XIX Festival A"]
[Site "Montecatini Terme ITA"]
[Date "2011.07.31"]
[Round "1"]
[White "Gambardella, Piero"]
[Black "Efimov, Igor"]
[WhiteElo "1971"]
[BlackElo "2428"]
[Result "0-1"]
[PlyCount "82"]
[EventDate "2011.07.31"]

1. d4 Nf6 2. c4 e6 3. Nc3 Bb4 4. Qc2 c5 5. dxc5 Qc7 6. a3 Bxc5 7. b4 Be7 8. e3
O-O 9. Bb2 d6 10. Bd3 Nbd7 11. Nf3 a6 12. g4 g6 13. h4 b6 14. h5 Bb7 15. hxg6
Bxf3 16. gxh7+ Kh8 17. Rg1 Ne5 18. g5 Nh5 19. c5 bxc5 20. Be4 cxb4 21. Bxa8
Rxa8 22. axb4 Qc4 23. Kd2 Qxb4 24. Ra4 Nc4+ 25. Kc1 Qxb2+ 26. Qxb2 Nxb2 27.
Kxb2 Kxh7 28. Rga1 Bxg5 29. Rxa6 Rxa6 30. Rxa6 d5 31. Nb5 Kg6 32. Kc2 Bh4 33.
Ra1 Bxf2 34. Kd2 Ng3 35. Nd6 Ne4+ 36. Nxe4 Bxe4 37. Rf1 Bh4 38. Rg1+ Bg5 39.
Ke2 e5 40. Ra1 d4 41. exd4 exd4 0-1

[Event "XIX Festival A"]
[Site "Montecatini Terme ITA"]
[Date "2011.07.31"]
[Round "1"]
[White "Innocenti, Giovanni"]
[Black "Rombaldoni, Denis"]
[WhiteElo "1979"]
[BlackElo "2495"]
[Result "0-1"]
[PlyCount "78"]
[EventDate "2011.07.31"]

1. e4 c6 2. d4 d5 3. Nc3 dxe4 4. Nxe4 Nd7 5. Nf3 Ngf6 6. Nxf6+ Nxf6 7. Bc4 Bf5
8. O-O e6 9. c3 Bd6 10. Bg5 Qc7 11. Bh4 Bg4 12. Bg3 Bxg3 13. hxg3 O-O 14. Qc2
Bxf3 15. gxf3 g6 16. Rfe1 Kg7 17. Kg2 h5 18. Qe2 Nd7 19. f4 Rh8 20. Rh1 b5 21.
Bd3 Qd6 22. a3 a6 23. Be4 Rac8 24. b4 Nb6 25. Qc2 Ra8 26. Bf3 a5 27. Qe4 Nd5
28. Qc2 h4 29. Qb3 hxg3 30. Bxd5 Rxh1 31. Rxh1 exd5 32. fxg3 Re8 33. Qc2 Qe6
34. Rf1 a4 35. Rf2 Qg4 36. Qd2 Rh8 37. Rf3 Qh3+ 38. Kf2 Qh1 39. Ke3 Re8+ 0-1

[Event "XIX Festival A"]
[Site "Montecatini Terme ITA"]
[Date "2011.07.31"]
[Round "1"]
[White "Mogranzini, Roberto"]
[Black "Onesti, Luca"]
[WhiteElo "2433"]
[BlackElo "1972"]
[Result "1-0"]
[PlyCount "86"]
[EventDate "2011.07.31"]

1. e4 e5 2. Nf3 Nc6 3. Bb5 a6 4. Ba4 Nf6 5. Qe2 b5 6. Bb3 Be7 7. c3 d6 8. O-O
Na5 9. Bc2 c5 10. Rd1 Qc7 11. d3 Bd7 12. Nbd2 Rb8 13. Nf1 O-O 14. Ne3 Rfe8 15.
h3 Bf8 16. Nh2 Be6 17. Nhg4 Nxg4 18. hxg4 Rbd8 19. Qf3 Qb7 20. Nd5 Nc6 21. Bb3
Na5 22. Bc2 Nc6 23. Ne3 Na5 24. Bd2 d5 25. exd5 Bxd5 26. Nxd5 Rxd5 27. c4 e4
28. dxe4 Rxd2 29. Rxd2 Nxc4 30. Re2 Ne5 31. Qg3 c4 32. Rd1 Bc5 33. Rd5 Qe7 34.
g5 Nc6 35. Red2 Bb4 36. Rd1 Ne5 37. Qe3 c3 38. bxc3 Nc4 39. Qf3 Bd6 40. Bb3 Ne5
41. Qf5 Bb8 42. Rxe5 Qxe5 43. Bxf7+ Kh8 1-0

[Event "XIX Festival A"]
[Site "Montecatini Terme ITA"]
[Date "2011.08.01"]
[Round "2"]
[White "Bruno, Fabio"]
[Black "Cecconi, Giovanni Alberto"]
[WhiteElo "2466"]
[BlackElo "2141"]
[Result "0-1"]
[PlyCount "102"]
[EventDate "2011.07.31"]

1. d4 d6 2. Nf3 g6 3. c4 f5 4. Nc3 Nf6 5. g3 Bg7 6. Bg2 O-O 7. O-O Nc6 8. d5
Na5 9. Qd3 c5 10. Rb1 Bd7 11. Bd2 a6 12. b4 cxb4 13. Rxb4 Rc8 14. Nd4 Ng4 15.
f4 Qc7 16. e4 Nxc4 17. Nce2 b5 18. Rbb1 Nxd2 19. Qxd2 Qb6 20. h3 Ne5 21. Kh2
Nc4 22. Qd3 Qa5 23. Rfd1 Qa3 24. Qxa3 Nxa3 25. Rb3 Nc4 26. exf5 Bxf5 27. g4 Bd7
28. Be4 Rc5 29. Kg3 Nb6 30. Rf3 Rc4 31. Ra3 Na4 32. Bf3 b4 33. Re3 Nc3 34. Rd2
Nxe2+ 35. Nxe2 Kf7 36. Be4 a5 37. Bd3 Rc5 38. Kf3 Rfc8 39. Be4 Ba4 40. Nd4 Bxd4
41. Rxd4 Rc3 42. Bd3 Bc2 43. Bb5 Bb1 44. Rd2 Rc2 45. Rxc2 Rxc2 46. a3 Ba2 47.
Bc6 Rd2 48. axb4 axb4 49. Re1 b3 50. Ke3 Rh2 51. Ba4 b2 0-1

[Event "XIX Festival A"]
[Site "Montecatini Terme ITA"]
[Date "2011.08.01"]
[Round "2"]
[White "Gallana, Marco"]
[Black "Mogranzini, Roberto"]
[WhiteElo "2113"]
[BlackElo "2433"]
[Result "1/2-1/2"]
[PlyCount "52"]
[EventDate "2011.07.31"]

1. d4 Nf6 2. c4 g6 3. Nc3 Bg7 4. Nf3 d6 5. g3 O-O 6. Bg2 Nc6 7. d5 Na5 8. Nd2
c5 9. O-O a6 10. Qc2 Rb8 11. Rb1 b5 12. b3 h5 13. h3 e5 14. dxe6 Bxe6 15. Nd5
bxc4 16. bxc4 Rxb1 17. Nxb1 Qd7 18. Bb2 Bxd5 19. cxd5 Rb8 20. Bc3 Nb7 21. Na3
Nd8 22. e4 Ne8 23. Bxg7 Kxg7 24. Rb1 Rxb1+ 25. Qxb1 h4 26. Qb6 hxg3 1/2-1/2

[Event "XIX Festival A"]
[Site "Montecatini Terme ITA"]
[Date "2011.08.01"]
[Round "2"]
[White "Paltrinieri, Nicholas"]
[Black "Dvirnyy, Danyyil"]
[WhiteElo "2116"]
[BlackElo "2436"]
[Result "0-1"]
[PlyCount "80"]
[EventDate "2011.07.31"]

1. f4 d5 2. e3 Nf6 3. Nf3 g6 4. Be2 Bg7 5. O-O O-O 6. d3 c5 7. a4 Nc6 8. Qe1
Qc7 9. Nc3 a6 10. e4 d4 11. Nb1 Ng4 12. Qh4 f5 13. Na3 Rb8 14. exf5 gxf5 15. h3
Nf6 16. Nc4 b5 17. axb5 axb5 18. Nce5 Nxe5 19. fxe5 Nd5 20. b4 cxb4 21. Qxd4
Nc3 22. Re1 Bb7 23. Bf4 Nd5 24. Bd1 Ra8 25. Rxa8 Rxa8 26. Bd2 Ra4 27. Kh1 Nc3
28. Ng5 Nxd1 29. Rxd1 h6 30. Ne6 Qc6 31. Nf4 Qxc2 32. Qd8+ Kh7 33. Rf1 Qxd2 34.
Qd7 Be4 35. Qe6 Bxg2+ 36. Nxg2 Qxd3 37. Re1 b3 38. Re3 b2 39. Rxd3 b1=Q+ 40.
Ne1 Qxe1+ 0-1

[Event "XIX Festival A"]
[Site "Montecatini Terme ITA"]
[Date "2011.08.01"]
[Round "2"]
[White "Rombaldoni, Denis"]
[Black "Sellitti, Federico"]
[WhiteElo "2495"]
[BlackElo "2167"]
[Result "1-0"]
[PlyCount "103"]
[EventDate "2011.07.31"]

1. Nf3 Nf6 2. d4 c5 3. e3 e6 4. b3 b6 5. Bd3 Bb7 6. O-O d6 7. c4 Be7 8. Nc3
Nbd7 9. Bb2 O-O 10. d5 exd5 11. cxd5 Nxd5 12. Nxd5 Bxd5 13. Bxh7+ Kxh7 14. Qxd5
Bf6 15. Rad1 Bxb2 16. Qf5+ g6 17. Qh3+ Kg7 18. Rxd6 Rh8 19. Qxd7 Qxd7 20. Rxd7
Bf6 21. Rfd1 a5 22. g4 a4 23. Rb7 Rhb8 24. Rdd7 Rxb7 25. Rxb7 axb3 26. axb3
Ra1+ 27. Kg2 Rb1 28. g5 Ba1 29. Rxb6 c4 30. Ra6 cxb3 31. Nd2 Rb2 32. Nxb3 Rxb3
33. Rxa1 Rb4 34. Kg3 Rb7 35. h4 Rb4 36. f3 Rc4 37. e4 Rb4 38. Kf4 Rb2 39. h5
gxh5 40. Kf5 h4 41. Rh1 Rb5+ 42. e5 Rb3 43. f4 h3 44. Kg4 Rb5 45. Rxh3 Ra5 46.
Kf5 Ra6 47. Rd3 Rb6 48. Rd6 Rb5 49. g6 fxg6+ 50. Rxg6+ Kf7 51. Rd6 Ke7 52. Rh6
1-0

[Event "XIX Festival A"]
[Site "Montecatini Terme ITA"]
[Date "2011.08.01"]
[Round "2"]
[White "Sorcinelli, Francesco"]
[Black "Bentivegna, Francesco"]
[WhiteElo "2108"]
[BlackElo "2330"]
[Result "1/2-1/2"]
[PlyCount "37"]
[EventDate "2011.07.31"]

1. e4 e6 2. Nc3 d5 3. d4 Nc6 4. Nf3 Nf6 5. e5 Ne4 6. Bb5 Bd7 7. Bxc6 Bxc6 8.
O-O Be7 9. Be3 Nxc3 10. bxc3 O-O 11. Ne1 Bb5 12. Nd3 c5 13. f4 g6 14. Rf3 Bxd3
15. Qxd3 Qa5 16. f5 exf5 17. Bh6 Rfc8 18. Qxf5 gxf5 19. Rg3+ 1/2-1/2

[Event "XIX Festival A"]
[Site "Montecatini Terme ITA"]
[Date "2011.08.01"]
[Round "2"]
[White "Spornberger, Maximilian"]
[Black "Braga, Fernando Alberto"]
[WhiteElo "2155"]
[BlackElo "2447"]
[Result "1-0"]
[PlyCount "71"]
[EventDate "2011.07.31"]

1. e4 c5 2. Nc3 Nc6 3. f4 g6 4. Nf3 Bg7 5. Bb5 Qa5 6. Bxc6 dxc6 7. O-O Nf6 8.
d3 Bg4 9. h3 Bxf3 10. Qxf3 O-O-O 11. Be3 Nd7 12. Rab1 Bxc3 13. bxc3 Qxc3 14.
Rb3 Qxc2 15. Rf2 Qxb3 16. axb3 b6 17. e5 Kb7 18. d4 cxd4 19. Bxd4 Nb8 20. Rd2
e6 21. g4 h5 22. Bc3 Rd5 23. Rxd5 cxd5 24. f5 hxg4 25. hxg4 gxf5 26. gxf5 Rc8
27. fxe6 fxe6 28. Bb4 Rc1+ 29. Kh2 Nc6 30. Bd6 Nd4 31. Qf7+ Ka6 32. b4 Rc2+ 33.
Kh3 Ra2 34. Qf1+ Ne2 35. b5+ Ka5 36. Qe1+ 1-0

[Event "XIX Festival A"]
[Site "Montecatini Terme ITA"]
[Date "2011.08.02"]
[Round "3"]
[White "Bellini, Fabio"]
[Black "Nannelli, Paolo"]
[WhiteElo "2498"]
[BlackElo "2224"]
[Result "1-0"]
[PlyCount "65"]
[EventDate "2011.07.31"]

1. e4 e6 2. d4 d5 3. e5 c5 4. c3 Qb6 5. Nf3 Nc6 6. Be2 cxd4 7. cxd4 Nge7 8. Na3
Nf5 9. Nc2 Bd7 10. O-O a5 11. g4 Nfe7 12. Be3 h5 13. h3 hxg4 14. hxg4 Ng6 15.
Qd2 Be7 16. a3 a4 17. Rab1 Na5 18. Bd3 Nh4 19. Qe2 Nxf3+ 20. Qxf3 Bb5 21. Bxb5+
Qxb5 22. Bd2 Nb3 23. Bc3 Bg5 24. Rbd1 Rc8 25. Kg2 f6 26. Rh1 Kd7 27. Nb4 Rcf8
28. Rxh8 Rxh8 29. Nd3 Kc8 30. Qe2 Qd7 31. f4 Bh6 32. Rh1 Rf8 33. exf6 1-0

[Event "XIX Festival A"]
[Site "Montecatini Terme ITA"]
[Date "2011.08.02"]
[Round "3"]
[White "Cappai, Davide"]
[Black "Rombaldoni, Denis"]
[WhiteElo "2227"]
[BlackElo "2495"]
[Result "0-1"]
[PlyCount "52"]
[EventDate "2011.07.31"]

1. e4 c6 2. d4 d5 3. Nd2 dxe4 4. Nxe4 Nd7 5. Ng5 Ngf6 6. Bd3 e6 7. Ne2 h6 8.
Ne4 Nxe4 9. Bxe4 Nf6 10. Bf3 Bd6 11. g3 O-O 12. O-O Qc7 13. c4 Rd8 14. Qc2 e5
15. dxe5 Bxe5 16. Bf4 g5 17. Be3 Bg4 18. Bg2 Bh5 19. Rad1 Ng4 20. Bc1 Qe7 21.
Bf3 Qf6 22. Rxd8+ Rxd8 23. Qe4 Qe6 24. Qc2 Nxh2 25. Bxh5 Qh3 26. Bxf7+ Kxf7 0-1

[Event "XIX Festival A"]
[Site "Montecatini Terme ITA"]
[Date "2011.08.02"]
[Round "3"]
[White "Cecconi, Giovanni Alberto"]
[Black "Tocchioni, Doriano"]
[WhiteElo "2141"]
[BlackElo "2238"]
[Result "1/2-1/2"]
[PlyCount "27"]
[EventDate "2011.07.31"]

1. c4 e5 2. Nc3 Nc6 3. d3 Bb4 4. Bd2 Nf6 5. g3 O-O 6. Bg2 Re8 7. Nd5 a5 8. a3
Bc5 9. e3 Nxd5 10. cxd5 Ne7 11. Ne2 c6 12. Nc3 d6 13. O-O Rb8 14. Rb1 1/2-1/2

[Event "XIX Festival A"]
[Site "Montecatini Terme ITA"]
[Date "2011.08.02"]
[Round "3"]
[White "Collutiis, Duilio"]
[Black "Spornberger, Maximilian"]
[WhiteElo "2468"]
[BlackElo "2155"]
[Result "1-0"]
[PlyCount "147"]
[EventDate "2011.07.31"]

1. e4 g6 2. d4 Bg7 3. Nf3 d6 4. Bd3 Nf6 5. O-O O-O 6. Qe2 Nc6 7. c3 e5 8. dxe5
Nxe5 9. Nxe5 dxe5 10. a4 a5 11. Nd2 Bh6 12. Rd1 Qe7 13. b3 Rd8 14. Ba3 Qe8 15.
Nc4 b6 16. Rab1 Bb7 17. f3 Rd7 18. Qc2 Bc6 19. Bc1 Bxc1 20. Qxc1 Nh5 21. Ne3
Rad8 22. Qc2 Nf4 23. Bc4 Kg7 24. g3 Ne6 25. Bd5 Bxd5 26. exd5 Ng5 27. Kg2 f6
28. c4 Qe7 29. Re1 Qc5 30. Re2 Re8 31. h4 Nf7 32. Rbe1 Rde7 33. Ng4 Nh6 34. Nf2
Nf5 35. Ne4 Qb4 36. Qb2 Nd4 37. Re3 h6 38. Rd1 Nf5 39. Rc3 Nd6 40. Nf2 e4 41.
Rf1 exf3+ 42. Rxf3 Nf5 43. Kh3 Re2 44. Qc1 R8e3 45. Ng4 Rxf3 46. Rxf3 h5 47.
Nxf6 Kxf6 48. Qg5+ Kg7 49. Rxf5 Qc3 50. Rf1 Qb2 51. Rh1 Qxb3 52. Qf4 Re7 53.
Rf1 Qe3 54. Qf8+ Kh7 55. Rf7+ Rxf7 56. Qxf7+ Kh6 57. Qxc7 Qg1 58. Qf4+ Kh7 59.
Qf7+ Kh6 60. Qf8+ Kh7 61. Qf7+ Kh6 62. Qf3 Qc5 63. Qf4+ Kh7 64. Kg2 Qa3 65. d6
Qa2+ 66. Kf3 Qb3+ 67. Ke4 Qxc4+ 68. Ke5 Qe2+ 69. Qe4 Qb2+ 70. Ke6 Qb3+ 71. Ke7
Qa3 72. Qe6 Qxg3 73. Qf6 Qa3 74. Kf8 1-0

[Event "XIX Festival A"]
[Site "Montecatini Terme ITA"]
[Date "2011.08.02"]
[Round "3"]
[White "Corvi, Marco"]
[Black "Frugoli, Francesco"]
[WhiteElo "2301"]
[BlackElo "2206"]
[Result "1-0"]
[PlyCount "71"]
[EventDate "2011.07.31"]

1. d4 Nf6 2. Nc3 d5 3. f3 c5 4. e4 dxe4 5. d5 exf3 6. Nxf3 g6 7. Be3 Nbd7 8.
Qd2 Bg7 9. O-O-O O-O 10. Bh6 b5 11. Bxg7 Kxg7 12. Bxb5 Qb6 13. d6 e6 14. Bxd7
Bxd7 15. Ne5 Rab8 16. b3 Bc6 17. Rhf1 Nd7 18. Nxd7 Bxd7 19. Rf4 Qa5 20. Rh4 h5
21. Rxh5 Rh8 22. Rxh8 Rxh8 23. Qe3 c4 24. Kb2 Rxh2 25. Qd4+ e5 26. Qxc4 Bf5 27.
Qc7 Qxc7 28. dxc7 Rxg2 29. Ne4 Re2 30. Rf1 Be6 31. Ng5 Bg4 32. Rxf7+ Kh6 33.
Nf3 g5 34. Re7 Bf5 35. Nd4 exd4 36. Rxe2 1-0

[Event "XIX Festival A"]
[Site "Montecatini Terme ITA"]
[Date "2011.08.02"]
[Round "3"]
[White "Dvirnyy, Danyyil"]
[Black "Stips, Felix"]
[WhiteElo "2436"]
[BlackElo "2213"]
[Result "1-0"]
[PlyCount "95"]
[EventDate "2011.07.31"]

1. e4 e5 2. Nf3 Nf6 3. Nxe5 Nxe4 4. Qe2 Qe7 5. Qxe4 d6 6. d4 dxe5 7. dxe5 Nc6
8. Bb5 Bd7 9. O-O O-O-O 10. Nc3 Nxe5 11. Be3 Bc6 12. Qf5+ Qe6 13. Qxe6+ fxe6
14. Bxc6 Nxc6 15. Ne4 Be7 16. Rad1 h6 17. f3 a6 18. Nc5 Rd5 19. Ne4 Rhd8 20.
Rb1 Nb4 21. c3 Nd3 22. b4 Ne5 23. Bd4 Bf6 24. Rbe1 Re8 25. Re2 Nd7 26. Be3 h5
27. Rfe1 Rd3 28. Nxf6 gxf6 29. Bd4 e5 30. f4 Rh8 31. fxe5 fxe5 32. Re3 Rd2 33.
Bxe5 Nxe5 34. Rxe5 Rxa2 35. h4 b6 36. Rg5 Kb7 37. Ree5 Rc2 38. Rxh5 Rxh5 39.
Rxh5 Rxc3 40. Rg5 c5 41. bxc5 b5 42. h5 b4 43. h6 b3 44. h7 b2 45. h8=Q b1=Q+
46. Kh2 Qc1 47. Qe5 a5 48. Qd5+ 1-0

[Event "XIX Festival A"]
[Site "Montecatini Terme ITA"]
[Date "2011.08.02"]
[Round "3"]
[White "Madiai, Federico"]
[Black "Stromboli, Ettore"]
[WhiteElo "2195"]
[BlackElo "2304"]
[Result "1/2-1/2"]
[PlyCount "83"]
[EventDate "2011.07.31"]

1. d4 Nf6 2. c4 e6 3. Nc3 Bb4 4. Qc2 c5 5. dxc5 Na6 6. a3 Bxc3+ 7. Qxc3 Nxc5 8.
b4 Nce4 9. Qc2 d5 10. e3 O-O 11. f3 Nd6 12. c5 Nf5 13. Bd3 Bd7 14. Ne2 Nh4 15.
Bb2 Re8 16. Be5 Ng6 17. Bxg6 hxg6 18. a4 a6 19. O-O Nh7 20. f4 Rc8 21. Rac1 Nf6
22. Bxf6 Qxf6 23. Nd4 e5 24. fxe5 Qxe5 25. Rf3 Bg4 26. Rg3 Bf5 27. Qb3 Rc7 28.
b5 axb5 29. Nxb5 Rd7 30. Nd6 Ree7 31. Qc3 Qxc3 32. Rxc3 Rc7 33. Rf3 Be6 34. a5
Rc6 35. Rf1 Rec7 36. Rfc1 Ra6 37. Nb5 Rc8 38. Ra1 Rac6 39. Rac1 Ra6 40. Nd6 Rc7
41. Nb5 Rc8 42. Nd6 1/2-1/2

[Event "XIX Festival A"]
[Site "Montecatini Terme ITA"]
[Date "2011.08.02"]
[Round "3"]
[White "Popa, Claudiu"]
[Black "Efimov, Igor"]
[WhiteElo "2206"]
[BlackElo "2428"]
[Result "0-1"]
[PlyCount "164"]
[EventDate "2011.07.31"]

1. e4 g6 2. d4 Bg7 3. c3 d6 4. f4 Nd7 5. Nf3 e6 6. Bd3 Ne7 7. O-O c5 8. Nbd2
cxd4 9. cxd4 O-O 10. Nb3 a5 11. a4 Nc6 12. Bb5 Nf6 13. Re1 Bd7 14. Bd2 Qb6 15.
Bc3 Rfd8 16. Kf1 Nb4 17. Bxd7 Rxd7 18. Nc1 Rc7 19. Qe2 Rac8 20. Nd3 d5 21. e5
Ne4 22. Bxb4 axb4 23. Rec1 Rc4 24. Rxc4 Rxc4 25. Rc1 Rxc1+ 26. Nxc1 Qc6 27. Qd1
b3 28. Nxb3 Qxa4 29. Qc2 Bf8 30. g3 h6 31. Kg2 Bb4 32. Qd3 Qa2 33. Qc2 Bc3 34.
Nfd2 Nxd2 35. Nxd2 Bxd4 36. Qc8+ Kg7 37. Qxb7 Bxb2 38. Qb3 Qxb3 39. Nxb3 g5 40.
Kf3 Kg6 41. Nc5 h5 42. Nd3 Bc3 43. h3 Kf5 44. g4+ Kg6 45. Ke3 hxg4 46. hxg4
gxf4+ 47. Kxf4 Bd2+ 48. Kf3 Kg5 49. Nc5 Bc3 50. Nd3 Bd4 51. Kg3 Ba7 52. Ne1 Be3
53. Nf3+ Kg6 54. Ne1 Bd2 55. Nd3 Ba5 56. Kf4 Bc7 57. Nc5 Kh6 58. Nd7 Ba5 59.
Nc5 Bd2+ 60. Kg3 Kg5 61. Nd3 Ba5 62. Kf3 Bc7 63. Kg3 Kg6 64. Nf4+ Kh6 65. Nd3
f6 66. Nc5 fxe5 67. Nxe6 Bd6 68. Nd8 Kg6 69. Nc6 Kg5 70. Na5 e4+ 71. Kf2 Kxg4
72. Ke3 Bc5+ 73. Ke2 Kf4 74. Nb3 Bb6 75. Nd2 d4 76. Nc4 Bc5 77. Nb2 Ba3 78. Nc4
d3+ 79. Kd1 Bb4 80. Nb6 Kf3 81. Nd5 Ba5 82. Nf6 e3 0-1

[Event "XIX Festival A"]
[Site "Montecatini Terme ITA"]
[Date "2011.08.02"]
[Round "4"]
[White "Capone, Vincenzo"]
[Black "Stromboli, Carlo"]
[WhiteElo "2141"]
[BlackElo "2304"]
[Result "1/2-1/2"]
[PlyCount "35"]
[EventDate "2011.07.31"]

1. d4 Nf6 2. c4 c5 3. d5 b5 4. cxb5 a6 5. bxa6 Bxa6 6. Nc3 d6 7. g3 g6 8. Bg2
Bg7 9. Nf3 O-O 10. O-O Nbd7 11. Rb1 Qa5 12. Bd2 Rfb8 13. b3 Qc7 14. Qc2 Nb6 15.
Nh4 Nbd7 16. Rfe1 Ra7 17. f4 Rab7 18. Na4 1/2-1/2

[Event "XIX Festival A"]
[Site "Montecatini Terme ITA"]
[Date "2011.08.02"]
[Round "4"]
[White "Cerquitella, Luca"]
[Black "Collutiis, Duilio"]
[WhiteElo "2283"]
[BlackElo "2468"]
[Result "1/2-1/2"]
[PlyCount "128"]
[EventDate "2011.07.31"]

1. e4 e5 2. Nf3 Nc6 3. Bc4 Be7 4. d4 d6 5. h3 Nf6 6. Nc3 O-O 7. O-O exd4 8.
Nxd4 Re8 9. Nxc6 bxc6 10. Qf3 Bf8 11. g4 Be6 12. Bb3 Nd7 13. Ba4 Qb8 14. Qg2
Qb6 15. Nd5 Qa6 16. Bb3 Bxd5 17. exd5 c5 18. c3 Nb6 19. Be3 Qb5 20. Rfb1 a5 21.
Bd1 Qd3 22. Qf1 Qxd5 23. Qg2 Qxg2+ 24. Kxg2 d5 25. Bf3 Rad8 26. Rd1 c6 27. b4
Na4 28. c4 Nc3 29. bxc5 Nxd1 30. Rxd1 dxc4 31. Rc1 Re6 32. Rxc4 Rb8 33. Ra4 Rb5
34. Be2 Rb2 35. Kf1 Bxc5 36. Rxa5 Bd6 37. Ra7 Rb8 38. a4 Re7 39. Ra6 Rc7 40. a5
Be5 41. Bb6 Rcc8 42. Ra7 f6 43. Bc4+ Kh8 44. Be6 Re8 45. Bf7 Rf8 46. Be6 Bc3
47. Bc4 Be5 48. Be6 h6 49. Kg2 Bc3 50. Bc4 Rfe8 51. Bc5 Bb4 52. Be3 Ra8 53.
Rxa8 Rxa8 54. a6 Bd6 55. Kf3 g5 56. Ke4 Kg7 57. Kf5 Re8 58. Be6 Rb8 59. a7 Rb5+
60. Ke4 Ra5 61. Bb6 Ra4+ 62. Kf3 Bc7 63. Bc5 Bd6 64. Bb6 Bc7 1/2-1/2

[Event "XIX Festival A"]
[Site "Montecatini Terme ITA"]
[Date "2011.08.02"]
[Round "4"]
[White "Contin, Daniel"]
[Black "Sabia, Corrado"]
[WhiteElo "2319"]
[BlackElo "2191"]
[Result "1-0"]
[PlyCount "115"]
[EventDate "2011.07.31"]

1. e4 e5 2. Nf3 Nc6 3. Bb5 a6 4. Ba4 Nf6 5. Qe2 b5 6. Bb3 Be7 7. c3 d6 8. d3
O-O 9. Nbd2 Na5 10. Bc2 c5 11. Nf1 Re8 12. Ng3 Nc6 13. a4 b4 14. O-O Rb8 15. h3
bxc3 16. bxc3 Qc7 17. Bg5 Be6 18. Nh4 h6 19. Bd2 Nxe4 20. dxe4 Bxh4 21. Nf5 Bf6
22. Qf3 Bxf5 23. Qxf5 Rb2 24. Rac1 Ne7 25. Qf3 Bg5 26. Bxg5 hxg5 27. Rfd1 Ng6
28. g3 Re6 29. Qe3 Nf8 30. Qxg5 Rg6 31. Qf5 Ne6 32. h4 Nf4 33. Kf1 Rf6 34. Qg4
Rg6 35. Qf3 Nh3 36. Rd2 Qd7 37. Qf5 Qxf5 38. exf5 Rg4 39. Rb1 Rxb1+ 40. Bxb1
Rxa4 41. Kg2 Ra1 42. Rb2 Kf8 43. Kxh3 d5 44. c4 dxc4 45. Ba2 Rc1 46. Kg4 c3 47.
Re2 f6 48. Kf3 Rd1 49. Rc2 Rd3+ 50. Ke2 e4 51. Bc4 Rf3 52. Bxa6 Rxf5 53. Rxc3
Re5 54. Ke3 Ke7 55. Bc4 f5 56. Ra3 Kf6 57. Ra6+ Ke7 58. Kf4 1-0

[Event "XIX Festival A"]
[Site "Montecatini Terme ITA"]
[Date "2011.08.02"]
[Round "4"]
[White "Laketic, Gojko"]
[Black "Corvi, Marco"]
[WhiteElo "2439"]
[BlackElo "2301"]
[Result "1-0"]
[PlyCount "141"]
[EventDate "2011.07.31"]

1. d4 g6 2. e4 Bg7 3. Nf3 d6 4. Be2 Nd7 5. c4 e5 6. Nc3 Ne7 7. O-O O-O 8. Re1
exd4 9. Nxd4 Nc6 10. Be3 Nc5 11. f3 Ne6 12. Nc2 Be5 13. g3 h5 14. f4 Bg7 15.
Qd2 Nc5 16. Bf3 Re8 17. Nd4 Bd7 18. Bf2 Nb4 19. Be3 Nc6 20. Bg2 h4 21. Nxc6
Bxc6 22. Bd4 hxg3 23. hxg3 Ne6 24. Bxg7 Nxg7 25. Nd5 Bxd5 26. cxd5 c6 27. dxc6
bxc6 28. Rad1 Qb6+ 29. Qf2 Rad8 30. Qxb6 axb6 31. Re3 d5 32. Red3 Nh5 33. exd5
cxd5 34. Bxd5 Kg7 35. Kf2 Nf6 36. Bf3 Rc8 37. Rd4 Rh8 38. Kg2 Rc2+ 39. R4d2 Rc5
40. Re1 g5 41. Re5 gxf4 42. Rxc5 bxc5 43. gxf4 Kg6 44. Rc2 Rd8 45. Kf2 Kf5 46.
Rxc5+ Kxf4 47. Rc4+ Ke5 48. Ke3 Rh8 49. a4 Nd5+ 50. Bxd5 Kxd5 51. Rf4 Rh2 52.
Rf5+ Kc6 53. b4 Rb2 54. b5+ Kb6 55. Rxf7 Rb3+ 56. Kd2 Ra3 57. Rf6+ Kc5 58. Ra6
Kd4 59. Ke2 Ke4 60. a5 Ra2+ 61. Kf1 Ra1+ 62. Kf2 Ra2+ 63. Kg3 Ra3+ 64. Kg4 Kd5
65. Ra7 Kc5 66. b6 Rb3 67. b7 Kc6 68. a6 Rb4+ 69. Kh3 Rb3+ 70. Kg2 Rb2+ 71. Kf1
1-0

[Event "XIX Festival A"]
[Site "Montecatini Terme ITA"]
[Date "2011.08.02"]
[Round "4"]
[White "Madiai, Federico"]
[Black "Bentivegna, Francesco"]
[WhiteElo "2195"]
[BlackElo "2330"]
[Result "1/2-1/2"]
[PlyCount "32"]
[EventDate "2011.07.31"]

1. d4 e6 2. c4 f5 3. Nc3 Nf6 4. e3 Bb4 5. Bd2 O-O 6. Bd3 d6 7. Nge2 e5 8. d5
Na6 9. a3 Bxc3 10. Bxc3 Nc5 11. b4 Nce4 12. O-O Nxc3 13. Nxc3 f4 14. exf4 exf4
15. f3 Nd7 16. Qc2 g6 1/2-1/2